Statistics for Top 5 Songs On Die Lit (Playboi Carti)

Click here to take the quiz!

General Stats

  • This quiz has been taken 64 times
  • The average score is 4 of 5

Answer Stats

HintAnswer% Correct
196,412,970Long Time - Intro
93%
211,015,237R.I.P.
93%
554,650,166Shoota
(feat. Lil Uzi Vert)
91%
242,599,991Fell In Luv
(feat. Bryson Tiller)
74%
159,450,114FlatBed Freestyle
70%

Score Distribution

Percentile by Number Answered

Percent of People with Each Score

Your Score History

You have not taken this quiz